[Event "EIRCC 2019"]
[Site "Tallinn"]
[Date "2019.12.06"]
[Round "13.4"]
[White "Riazantsev, Alexander"]
[Black "Lysyj, Igor"]
[Result "1-0"]
[WhiteElo "2594"]
[BlackElo "2599"]
[Annotator "ChessBase"]
[PlyCount "55"]
[EventDate "2019.12.05"]
[EventType "swiss"]
[EventCountry "EST"]
[SourceTitle "playchess.com"]
[Source "ChessBase"]
[SourceQuality "1"]
[TimeControl "900+10"]

1. d4 {[%emt 0:00:00]} Nf6 {[%emt 0:00:00]} 2. c4 {[%emt 0:00:00]} e6 {[%emt 0:00:00]} 3. Nf3 {[%emt 0:00:00]} d5 {[%emt 0:00:00]} 4. Nc3 {[%emt 0:00:00]} dxc4 {[%emt 0:00:00]} 5. e4 {[%emt 0:00:00]} Bb4 {[%emt 0:00:00]} 6. Bxc4 {[%emt 0:00:00]} Nxe4 {[%emt 0:00:00]} 7. O-O {[%emt 0:00:03]} Nxc3 {[%emt 0:00:02]} 8. bxc3 {[%emt 0:00:01]} Bd6 {[%emt 0:00:01]} 9. Bd3 {[%emt 0:00:22]} Nd7 {[%emt 0:00:04]} 10. Qe2 {[%emt 0:00:01]} O-O {[%emt 0:00:09]} 11. Qe4 {[%emt 0:00:04]} g6 {[%emt 0:00:56]} 12. Bg5 {[%emt 0:03:12]} Be7 {[%emt 0:00:13]} 13. Bh6 {[%emt 0:00:01]} Re8 {[%emt 0:00:12]} 14. Rad1 {[%emt 0:01:03]} Nf6 {[%emt 0:01:09]} 15. Qe2 {[%emt 0:00:00]} Bf8 {[%emt 0:01:45]} 16. Bg5 {[%emt 0:01:05]} h6 {[%emt 0:00:07]} 17. Bh4 {[%emt 0:00:28]} Bg7 {[%emt 0:00:48]} 18. Ne5 {[%emt 0:00:03]} Bd7 {[%emt 0:00:12]} 19. Qf3 {[%emt 0:02:20]} Ba4 {[%emt 0:00:16]} 20. Rb1 {[%emt 0:00:24]} g5 {[%emt 0:03:44]} 21. Bg3 {[%emt 0:00:02]} Qd5 {[%emt 0:00:01]} 22. Qe2 {[%emt 0:01:26]} c5 {[%emt 0:01:05]} 23. f4 {[%emt 0:00:03]} Bc6 {[%emt 0:01:43]} 24. fxg5 {[%emt 0:01:04]} hxg5 {[%emt 0:00:01]} 25. Nxc6 {[%emt 0:00:28]} bxc6 {[%emt 0:00:27]} 26. Be5 {[%emt 0:00:01]} c4 {[%emt 0:01:25]} 27. Bxc4 {[%emt 0:00:42]} Qe4 {[%emt 0:00:01]} 28. Bxf6 {[%emt 0:00:07]} 1-0

[Event "EIRCC 2019"]
[Site "Tallinn"]
[Date "2019.12.06"]
[Round "13.5"]
[White "Stupak, Kirill"]
[Black "Motylev, Alexander"]
[Result "0-1"]
[WhiteElo "2552"]
[BlackElo "2703"]
[Annotator "TA"]
[PlyCount "132"]
[EventDate "2019.12.05"]
[EventType "swiss"]
[EventCountry "EST"]
[SourceTitle "playchess.com"]
[Source "ChessBase"]
[SourceQuality "1"]

{[%evp 22,132,0,0,0,0,0,-17,-16,-30,-34,-32,-17,-17,-24,-17,-21,-37,-17,-31,-16,-17,0,0,0,0,0,0,0,0,0,0,6,0,0,0,0,0,0,3,4,0,1,-129,-116,-117,-39,-105,-111,-102,-114,-152,-156,-143,-139,-163,-158,-156,-156,-175,-173,-223,-222,-221,-214,-261,-248,-250,-250,-233,0,-204,0,-250,-252,-252,-252,-240,-246,-244,-236,-299,-288,-439,-419,-448,-422,-560,-537,-636,-631,-614,-605,-699,-704,-744,-722,-727,-687,-909,-889,-849,-841,-826,-781,-1658,-1226,-1151,-1095,-6046,-5563,-4943,-4822]} 1. d4 Nf6 2. c4 e6 3. Nf3 d5 4. Nc3 c6 5. cxd5 exd5 6. Bg5 h6 7. Bh4 Bf5 8. e3 Be7 9. Bd3 Bxd3 10. Qxd3 O-O 11. O-O Nbd7 12. Rab1 a5 {D35: Queen's Gambit Declined: Exchange Variation} 13. Rfe1 (13. Rfc1 Re8 14. Nd2 Qb8 15. Bg3 Bd6 16. Qc2 Bxg3 17. hxg3 Ng4 18. a3 Ndf6 19. Nf1 Nd7 20. b4 axb4 21. axb4 {½-½ (31) Khusenkhojaev,M (2446)-Fier,A (2543) Taleigao 2019}) 13... Re8 14. Bg3 $146 ({Predecessor:} 14. Rbc1 Nh5 15. Bxe7 Rxe7 16. Na4 Nhf6 17. Nc5 Qc7 18. Re2 Ne4 19. Nxd7 Qxd7 20. Rec2 {½-½ (40) Melkeraaen,T (1950)-Van Dongen,R (1986) Dresden 2013}) 14... Ne4 {The position is equal.} 15. Nd2 Nxg3 16. hxg3 Bd6 17. e4 dxe4 18. Ndxe4 Bf8 19. Rbd1 Nb6 20. Qf3 Nd5 21. Re2 Nc7 22. Red2 Nd5 23. Nxd5 Qxd5 24. Nc3 Qxf3 25. gxf3 Rad8 26. d5 cxd5 27. Rxd5 Rxd5 28. Rxd5 $11 {[%mdl 4096] Endgame KRB-KRN} Bb4 29. Ne4 b6 30. a3 Bf8 31. Kf1 Rc8 32. Nc3 {[#]} (32. Rb5 $11) 32... Bxa3 $1 $17 {[%mdl 512]} 33. Na4 (33. bxa3 Rxc3) 33... Bb4 (33... Bc5 $17 34. Kg2 Kf8) 34. Nxb6 {[#]} (34. Rb5 $15) 34... Rc1+ $1 35. Kg2 Rc2 36. Na4 {[#]} Be1 $1 37. Kf1 Bxf2 38. g4 Bh4 39. Kg1 g6 40. Rd3 Kg7 41. Rd5 Be1 42. Kf1 Bb4 43. Rd3 Kf6 44. Rd5 Ke6 45. Rb5 Kf6 46. Rd5 $1 Ke6 47. Rb5 Kd6 48. Rb7 Rc7 49. Rb5 Kc6 50. Rb8 Kd5 51. Ke2 Kc4 52. f4 (52. Nb6+ $142 Kb3 53. Nd5 Rc2+ 54. Kd3) 52... Kb3 $19 53. Nc3 Rc4 {Black is clearly winning.} 54. Nd5 Rd4 55. Rb5 Kc4 56. Nc7 Rxf4 57. g5 hxg5 58. Rxg5 Rd4 59. Na8 Rd2+ 60. Kf3 Rxb2 61. Nb6+ Kb3 62. Ke4 Rc2 63. Nd5 Rc4+ 64. Kd3 Bc5 65. Ke2 a4 66. Rg3+ Kb2 {Accuracy: White = 44%, Black = 80%.} 0-1

[Event "EIRCC 2019"]
[Site "Tallinn"]
[Date "2019.12.06"]
[Round "13.6"]
[White "Postny, Evgeny"]
[Black "Usmanov, Vasily"]
[Result "1/2-1/2"]
[WhiteElo "2598"]
[BlackElo "2428"]
[Annotator "ChessBase"]
[PlyCount "118"]
[EventDate "2019.12.05"]
[EventType "swiss"]
[EventCountry "EST"]
[SourceTitle "playchess.com"]
[Source "ChessBase"]
[SourceQuality "1"]
[TimeControl "900+10"]

1. d4 {[%emt 0:00:00]} Nf6 {[%emt 0:00:00]} 2. c4 {[%emt 0:00:00]} e6 {[%emt 0:00:00]} 3. Nf3 {[%emt 0:00:00]} a6 {[%emt 0:00:00]} 4. Nc3 {[%emt 0:00:07]} d5 {[%emt 0:00:00]} 5. cxd5 {[%emt 0:00:07]} exd5 {[%emt 0:00:00]} 6. Bg5 {[%emt 0:00:02]} Be6 {[%emt 0:00:15]} 7. e3 {[%emt 0:00:04]} Nbd7 {[%emt 0:00:03]} 8. h3 {[%emt 0:00:02]} Bd6 {[%emt 0:00:18]} 9. Bd3 {[%emt 0:00:03]} c6 {[%emt 0:00:09]} 10. Bf4 {[%emt 0:00:05]} Qb8 {[%emt 0:00:01]} 11. Qd2 {[%emt 0:00:09]} Nh5 {[%emt 0:00:16]} 12. Bxd6 {[%emt 0:00:05]} Qxd6 {[%emt 0:00:02]} 13. O-O-O {[%emt 0:01:21]} O-O-O {[%emt 0:00:12]} 14. Kb1 {[%emt 0:00:13]} Kb8 {[%emt 0:00:01]} 15. Rc1 {[%emt 0:00:06]} Nb6 {[%emt 0:01:49]} 16. Qc2 {[%emt 0:00:49]} Nf6 {[%emt 0:00:08]} 17. Nd2 {[%emt 0:00:04]} Rc8 {[%emt 0:01:17]} 18. Na4 {[%emt 0:01:18]} Nxa4 {[%emt 0:00:11]} 19. Qxa4 {[%emt 0:00:02]} Nd7 {[%emt 0:00:52]} 20. Nb3 {[%emt 0:00:19]} Rc7 {[%emt 0:01:44]} 21. Rc3 {[%emt 0:01:01]} g6 {[%emt 0:02:58]} 22. Rhc1 {[%emt 0:00:21]} Bf5 {[%emt 0:00:34]} 23. Bxf5 {[%emt 0:00:38]} Nb6 {[%emt 0:00:15]} 24. Qa5 {[%emt 0:00:05]} Nc4 {[%emt 0:00:01]} 25. Qc5 {[%emt 0:02:04]} Qxc5 {[%emt 0:00:02]} 26. dxc5 {[%emt 0:00:02]} gxf5 {[%emt 0:00:02]} 27. Nd4 {[%emt 0:00:10]} Rg8 {[%emt 0:00:31]} 28. g3 {[%emt 0:00:04]} Nd2+ {[%emt 0:00:07]} 29. Ka1 {[%emt 0:00:06]} Ne4 {[%emt 0:00:22]} 30. R3c2 {[%emt 0:00:02]} Rg5 {[%emt 0:00:15]} 31. h4 {[%emt 0:00:08]} Rh5 {[%emt 0:00:04]} 32. b4 {[%emt 0:02:02]} Rc8 {[%emt 0:00:36]} 33. a4 {[%emt 0:00:19]} Kc7 {[%emt 0:00:01]} 34. Kb2 {[%emt 0:00:35]} Ra8 {[%emt 0:00:28]} 35. Ra1 {[%emt 0:00:19]} Nf6 {[%emt 0:00:15]} 36. Kc3 {[%emt 0:01:59]} Nd7 {[%emt 0:00:11]} 37. Kb3 {[%emt 0:00:57]} Nf8 {[%emt 0:00:04]} 38. Raa2 {[%emt 0:00:54]} Ne6 {[%emt 0:00:03]} 39. Nf3 {[%emt 0:00:20]} Rh6 {[%emt 0:00:25]} 40. Ne5 {[%emt 0:00:08]} Rf6 {[%emt 0:01:23]} 41. Nf3 {[%emt 0:00:08]} h5 {[%emt 0:00:24]} 42. Rc3 {[%emt 0:00:07]} Rg6 {[%emt 0:00:09]} 43. Ne5 {[%emt 0:00:05]} Rg7 {[%emt 0:00:04]} 44. Rd2 {[%emt 0:00:08]} Re8 {[%emt 0:00:19]} 45. Nf3 {[%emt 0:00:10]} Rg4 {[%emt 0:00:07]} 46. Nd4 {[%emt 0:01:02]} Nxd4+ {[%emt 0:00:02]} 47. Rxd4 {[%emt 0:00:01]} Ree4 {[%emt 0:01:00]} 48. Rcd3 {[%emt 0:00:08]} Kd7 {[%emt 0:00:11]} 49. b5 {[%emt 0:00:24]} axb5 {[%emt 0:00:27]} 50. axb5 {[%emt 0:00:02]} Rxd4 {[%emt 0:00:01]} 51. Rxd4 {[%emt 0:00:10]} Rxd4 {[%emt 0:00:23]} 52. exd4 {[%emt 0:00:02]} cxb5 {[%emt 0:00:48]} 53. Kb4 {[%emt 0:00:01]} Kc6 {[%emt 0:00:03]} 54. Ka5 {[%emt 0:00:02]} f4 {[%emt 0:00:04]} 55. gxf4 {[%emt 0:00:14]} f5 {[%emt 0:00:03]} 56. f3 {[%emt 0:00:02]} b4 {[%emt 0:00:07]} 57. Kxb4 {[%emt 0:00:01]} b6 {[%emt 0:00:00]} 58. cxb6 {[%emt 0:00:06]} Kxb6 {[%emt 0:00:01]} 59. Ka4 {[%emt 0:00:04]} Ka6 {[%emt 0:00:01]} 1/2-1/2

[Event "EIRCC 2019"]
[Site "Tallinn"]
[Date "2019.12.06"]
[Round "13.7"]
[White "Dordzhieva, Dinara"]
[Black "Aleksandrov, Aleksej"]
[Result "1/2-1/2"]
[WhiteElo "2310"]
[BlackElo "2576"]
[Annotator "ChessBase"]
[PlyCount "254"]
[EventDate "2019.12.05"]
[EventType "swiss"]
[EventCountry "EST"]
[SourceTitle "playchess.com"]
[Source "ChessBase"]
[SourceQuality "1"]
[TimeControl "900+10"]

1. Nf3 {[%emt 0:00:00]} Nf6 {[%emt 0:00:00]} 2. c4 {[%emt 0:00:00]} e6 {[%emt 0:00:00]} 3. g3 {[%emt 0:00:00]} d5 {[%emt 0:00:00]} 4. Bg2 {[%emt 0:00:09]} dxc4 {[%emt 0:00:00]} 5. Qa4+ {[%emt 0:00:04]} Nbd7 {[%emt 0:00:03]} 6. Qxc4 {[%emt 0:00:03]} c5 {[%emt 0:00:02]} 7. Qc2 {[%emt 0:00:10]} b6 {[%emt 0:00:14]} 8. O-O {[%emt 0:00:16]} Bb7 {[%emt 0:00:01]} 9. Nc3 {[%emt 0:01:08]} Rc8 {[%emt 0:00:08]} 10. d3 {[%emt 0:00:26]} Be7 {[%emt 0:00:38]} 11. b3 {[%emt 0:00:02]} O-O {[%emt 0:00:11]} 12. Bb2 {[%emt 0:00:01]} Nb8 {[%emt 0:00:16]} 13. Rac1 {[%emt 0:01:07]} Nc6 {[%emt 0:00:08]} 14. Qb1 {[%emt 0:00:02]} Qd7 {[%emt 0:00:42]} 15. Rfd1 {[%emt 0:00:34]} Rfd8 {[%emt 0:01:14]} 16. Qa1 {[%emt 0:01:38]} Bf8 {[%emt 0:01:18]} 17. Nb1 {[%emt 0:01:20]} Nd5 {[%emt 0:00:48]} 18. Ne5 {[%emt 0:00:04]} Nxe5 {[%emt 0:00:04]} 19. Bxe5 {[%emt 0:00:02]} Nb4 {[%emt 0:01:02]} 20. Bxb7 {[%emt 0:00:55]} Qxb7 {[%emt 0:00:02]} 21. Nd2 {[%emt 0:00:15]} Rd7 {[%emt 0:00:45]} 22. Bb2 {[%emt 0:00:40]} Qd5 {[%emt 0:00:32]} 23. Nf3 {[%emt 0:01:03]} f6 {[%emt 0:01:09]} 24. Bc3 {[%emt 0:02:18]} Nc6 {[%emt 0:00:04]} 25. Qb2 {[%emt 0:00:02]} Rcd8 {[%emt 0:00:12]} 26. Nd2 {[%emt 0:02:47]} Qh5 {[%emt 0:00:12]} 27. Nf3 {[%emt 0:00:09]} e5 {[%emt 0:02:22]} 28. Re1 {[%emt 0:00:02]} Qh3 {[%emt 0:00:47]} 29. Qc2 {[%emt 0:00:17]} Kh8 {[%emt 0:00:20]} 30. Bb2 {[%emt 0:00:40]} Nb4 {[%emt 0:00:21]} 31. Qb1 {[%emt 0:00:01]} a6 {[%emt 0:00:44]} 32. Bc3 {[%emt 0:00:05]} Nd5 {[%emt 0:00:20]} 33. Bb2 {[%emt 0:00:01]} Ne7 {[%emt 0:00:11]} 34. Qc2 {[%emt 0:00:06]} Nd5 {[%emt 0:00:46]} 35. a3 {[%emt 0:00:09]} b5 {[%emt 0:00:07]} 36. Qb1 {[%emt 0:00:15]} Qe6 {[%emt 0:00:11]} 37. Qc2 {[%emt 0:00:02]} Rc7 {[%emt 0:00:16]} 38. Qb1 {[%emt 0:00:44]} Rdc8 {[%emt 0:00:08]} 39. Nd2 {[%emt 0:00:05]} Qd7 {[%emt 0:00:30]} 40. Qa2 {[%emt 0:00:23]} Ra8 {[%emt 0:00:11]} 41. Rc2 {[%emt 0:00:32]} a5 {[%emt 0:00:02]} 42. Rec1 {[%emt 0:00:13]} a4 {[%emt 0:00:14]} 43. Ne4 {[%emt 0:00:27]} axb3 {[%emt 0:00:09]} 44. Qxb3 {[%emt 0:00:02]} Rac8 {[%emt 0:00:04]} 45. Ba1 {[%emt 0:00:21]} Nb6 {[%emt 0:00:24]} 46. Bc3 {[%emt 0:00:22]} Na4 {[%emt 0:02:13]} 47. Ba5 {[%emt 0:00:01]} Rb7 {[%emt 0:00:30]} 48. Bd2 {[%emt 0:00:05]} c4 {[%emt 0:00:29]} 49. Qa2 {[%emt 0:00:37]} Nb6 {[%emt 0:00:33]} 50. dxc4 {[%emt 0:00:42]} Nxc4 {[%emt 0:00:04]} 51. Bb4 {[%emt 0:00:05]} Qf5 {[%emt 0:01:00]} 52. Bxf8 {[%emt 0:00:43]} Qxe4 {[%emt 0:00:08]} 53. Bb4 {[%emt 0:00:03]} h5 {[%emt 0:00:04]} 54. Qb3 {[%emt 0:00:25]} Rd8 {[%emt 0:00:15]} 55. Qf3 {[%emt 0:00:49]} Qxf3 {[%emt 0:00:03]} 56. exf3 {[%emt 0:00:00]} Ra7 {[%emt 0:00:17]} 57. Rc3 {[%emt 0:00:12]} Rd5 {[%emt 0:00:05]} 58. Kg2 {[%emt 0:00:11]} Kh7 {[%emt 0:00:02]} 59. Rb3 {[%emt 0:00:12]} Kg6 {[%emt 0:00:07]} 60. Rcb1 {[%emt 0:00:20]} Ra4 {[%emt 0:00:09]} 61. Rc1 {[%emt 0:00:17]} Kf5 {[%emt 0:00:02]} 62. Rcb1 {[%emt 0:00:02]} Ke6 {[%emt 0:00:02]} 63. Bf8 {[%emt 0:00:04]} Nd2 {[%emt 0:00:06]} 64. Rxb5 {[%emt 0:00:20]} Nxb1 {[%emt 0:00:01]} 65. Rxb1 {[%emt 0:00:03]} Kf7 {[%emt 0:00:14]} 66. Bb4 {[%emt 0:00:02]} Ra7 {[%emt 0:00:05]} 67. Rc1 {[%emt 0:00:01]} Rd3 {[%emt 0:00:02]} 68. Rc8 {[%emt 0:00:04]} Rb3 {[%emt 0:00:04]} 69. g4 {[%emt 0:00:16]} h4 {[%emt 0:00:13]} 70. Rf8+ {[%emt 0:00:25]} Kg6 {[%emt 0:00:07]} 71. Rh8 {[%emt 0:00:04]} Rc7 {[%emt 0:00:02]} 72. Rxh4 {[%emt 0:00:09]} Rc8 {[%emt 0:00:08]} 73. Rh3 {[%emt 0:00:21]} Rb2 {[%emt 0:00:06]} 74. f4 {[%emt 0:00:22]} exf4 {[%emt 0:00:16]} 75. Rf3 {[%emt 0:00:02]} Rc4 {[%emt 0:00:03]} 76. h3 {[%emt 0:00:03]} Ra2 {[%emt 0:00:06]} 77. Bd6 {[%emt 0:00:04]} Kg5 {[%emt 0:00:05]} 78. Rd3 {[%emt 0:00:04]} Rcc2 {[%emt 0:00:32]} 79. Rf3 {[%emt 0:00:01]} Rc4 {[%emt 0:00:02]} 80. Rd3 {[%emt 0:00:00]} f5 {[%emt 0:00:10]} 81. Rd5 {[%emt 0:00:09]} g6 {[%emt 0:00:06]} 82. Be7+ {[%emt 0:00:25]} Kh6 {[%emt 0:00:02]} 83. gxf5 {[%emt 0:00:06]} gxf5 {[%emt 0:00:07]} 84. Rxf5 {[%emt 0:00:08]} Kg6 85. Rf6+ {[%emt 0:00:08]} Kg7 {[%emt 0:00:08]} 86. Rf5 {[%emt 0:00:05]} Rd4 {[%emt 0:00:30]} 87. Bb4 {[%emt 0:00:22]} Kg6 {[%emt 0:00:03]} 88. Rf8 {[%emt 0:00:18]} Rc2 {[%emt 0:00:05]} 89. Rg8+ {[%emt 0:00:28]} Kh7 {[%emt 0:00:03]} 90. Rf8 {[%emt 0:00:04]} Rcc4 {[%emt 0:00:02]} 91. Rf7+ {[%emt 0:00:10]} Kg6 {[%emt 0:00:01]} 92. Rf8 {[%emt 0:00:03]} Rd3 {[%emt 0:00:06]} 93. Be7 {[%emt 0:00:08]} Kg7 {[%emt 0:00:06]} 94. Rf5 {[%emt 0:00:03]} Re4 {[%emt 0:00:08]} 95. Bb4 {[%emt 0:00:21]} Kg6 {[%emt 0:00:08]} 96. Rf8 {[%emt 0:00:01]} Rc4 {[%emt 0:00:06]} 97. Be7 {[%emt 0:00:06]} Rd5 {[%emt 0:00:09]} 98. Bb4 {[%emt 0:00:11]} Kg7 {[%emt 0:00:02]} 99. Re8 {[%emt 0:00:24]} Rd3 {[%emt 0:00:09]} 100. Re6 {[%emt 0:00:05]} Kf7 {[%emt 0:00:16]} 101. Rh6 {[%emt 0:00:06]} Rb3 {[%emt 0:00:09]} 102. Rd6 {[%emt 0:00:04]} Rb2 {[%emt 0:00:05]} 103. Rd8 {[%emt 0:00:16]} Kg7 {[%emt 0:00:02]} 104. Rd7+ {[%emt 0:00:02]} Kg6 {[%emt 0:00:02]} 105. Rd6+ {[%emt 0:00:01]} Kf5 {[%emt 0:00:03]} 106. Rd5+ {[%emt 0:00:36]} Ke4 {[%emt 0:00:03]} 107. Rd8 {[%emt 0:00:26]} Rcc2 {[%emt 0:00:15]} 108. Re8+ {[%emt 0:00:01]} Kd5 {[%emt 0:00:02]} 109. Be1 {[%emt 0:00:18]} Ra2 {[%emt 0:00:08]} 110. Kf3 {[%emt 0:00:09]} Rc4 {[%emt 0:00:41]} 111. Bb4 {[%emt 0:00:02]} Rb2 {[%emt 0:00:01]} 112. h4 {[%emt 0:00:19]} Rb3+ {[%emt 0:00:01]} 113. Kg4 {[%emt 0:00:01]} Rb2 {[%emt 0:00:10]} 114. Kf3 {[%emt 0:00:09]} Rb1 {[%emt 0:00:09]} 115. Rf8 {[%emt 0:00:22]} Ke5 {[%emt 0:00:29]} 116. Re8+ {[%emt 0:00:01]} Kd5 {[%emt 0:00:17]} 117. Rf8 {[%emt 0:00:01]} Rb3+ {[%emt 0:01:05]} 118. Kg4 {[%emt 0:00:01]} f3+ {[%emt 0:01:39]} 119. Kg5 {[%emt 0:00:05]} Rc2 {[%emt 0:00:02]} 120. Rf5+ {[%emt 0:00:17]} Ke6 {[%emt 0:00:08]} 121. Rf6+ {[%emt 0:00:04]} Kd7 {[%emt 0:00:12]} 122. Rf7+ {[%emt 0:00:01]} Ke8 {[%emt 0:00:11]} 123. Rf8+ {[%emt 0:00:06]} Kd7 {[%emt 0:00:01]} 124. Rf7+ {[%emt 0:00:00]} Kc6 {[%emt 0:00:18]} 125. Rf6+ {[%emt 0:00:01]} Kc7 {[%emt 0:00:32]} 126. Rf7+ {[%emt 0:00:01]} Kc8 {[%emt 0:00:00]} 127. Rf8+ {[%emt 0:00:01]} Kd7 {[%emt 0:00:01]} 1/2-1/2

[Event "EIRCC 2019"]
[Site "Tallinn"]
[Date "2019.12.06"]
[Round "13.8"]
[White "Lintchevski, Daniil"]
[Black "Demidov, Mikhail"]
[Result "1/2-1/2"]
[WhiteElo "2515"]
[BlackElo "2635"]
[Annotator "RC"]
[PlyCount "98"]
[EventDate "2019.12.05"]
[EventType "swiss"]
[EventCountry "EST"]
[SourceTitle "playchess.com"]
[Source "ChessBase"]
[SourceQuality "1"]
[TimeControl "900+10"]

1. e4 {[%emt 0:00:00]} g6 {[%emt 0:00:00]} 2. d4 {[%emt 0:00:03]} Bg7 {[%emt 0:00:00]} 3. Nf3 {[%emt 0:00:02]} a6 {[%emt 0:00:00]} 4. Bd3 {[%emt 0:00:41]} d6 {[%emt 0:00:00]} 5. c3 {[%emt 0:00:11]} Nc6 {[%emt 0:00:16]} 6. O-O {[%emt 0:00:47]} e5 {[%emt 0:00:02]} 7. dxe5 {[%emt 0:00:28]} dxe5 {[%emt 0:00:05]} 8. Qe2 {[%emt 0:00:15]} Nf6 {[%emt 0:00:07]} 9. Nbd2 {[%emt 0:00:23]} O-O {[%emt 0:00:09]} 10. Nc4 {[%emt 0:00:19]} Qe7 {[%emt 0:00:01]} 11. b3 {[%emt 0:00:17]} Rd8 {[%emt 0:00:10]} 12. Ba3 {[%emt 0:00:10]} Qe8 {[%emt 0:00:02]} 13. Ne3 {[%emt 0:00:19]} h6 {[%emt 0:01:04]} 14. Rad1 {[%emt 0:00:35]} Be6 {[%emt 0:00:08]} 15. Bc2 {[%emt 0:00:53]} Bf8 {[%emt 0:00:14]} 16. Bc1 {[%emt 0:00:19]} Rxd1 {[%emt 0:00:17]} 17. Rxd1 {[%emt 0:00:02]} Rd8 {[%emt 0:00:06]} 18. h3 {[%emt 0:01:13]} Kh7 {[%emt 0:00:48]} 19. Nh2 {[%emt 0:00:06]} Rxd1+ {[%emt 0:00:52]} 20. Qxd1 {[%emt 0:00:02]} Qd8 {[%emt 0:00:25]} 21. Qxd8 {[%emt 0:00:16]} Nxd8 {[%emt 0:00:02]} 22. Nhg4 {[%emt 0:00:08]} Nd7 {[%emt 0:00:27]} 23. Nd5 {[%emt 0:00:31]} Bxd5 {[%emt 0:02:03]} 24. exd5 {[%emt 0:00:01]} f5 {[%emt 0:00:05]} 25. Ne3 {[%emt 0:00:09]} Nf6 {[%emt 0:00:09]} 26. c4 {[%emt 0:00:30]} Bc5 {[%emt 0:00:46]} 27. g4 {[%emt 0:00:19]} f4 {[%emt 0:00:14]} 28. Nf1 {[%emt 0:01:25]} c6 {[%emt 0:00:21]} 29. dxc6 {[%emt 0:00:58]} Nxc6 {[%emt 0:00:01]} 30. Nd2 {[%emt 0:00:02]} Nd4 {[%emt 0:00:28]} 31. Bd1 {[%emt 0:00:30]} Kg7 {[%emt 0:04:15]} 32. Kf1 {[%emt 0:00:04]} Kf7 {[%emt 0:00:09]} 33. Bb2 {[%emt 0:00:35]} Ke6 {[%emt 0:02:00]} 34. Bxd4 {[%emt 0:00:05]} exd4 {[%emt 0:00:09]} 35. Bc2 {[%emt 0:00:27]} g5 {[%emt 0:00:05]} 36. Ke2 {[%emt 0:00:08]} Kd6 {[%emt 0:00:49]} 37. Bf5 {[%emt 0:00:13]} b6 {[%emt 0:01:18]} 38. Kd3 {[%emt 0:00:19]} Ng8 {[%emt 0:00:22]} 39. Nf3 {[%emt 0:00:09]} Ne7 {[%emt 0:00:08]} 40. Be4 {[%emt 0:00:02]} a5 {[%emt 0:00:41]} 41. h4 {[%emt 0:00:09]} gxh4 {[%emt 0:00:55]} 42. Nxh4 {[%emt 0:00:02]} Ke5 {[%emt 0:00:09]} 43. Nf3+ {[%emt 0:00:02]} Kf6 {[%emt 0:00:01]} 44. Bb7 {[%emt 0:00:06]} Ng6 {[%emt 0:00:16]} 45. Be4 {[%emt 0:01:06]} Ne5+ {[%emt 0:00:12]} 46. Nxe5 {[%emt 0:00:02]} Kxe5 {[%emt 0:00:01]} 47. f3 {[%emt 0:00:08]} Bb4 {[%emt 0:00:06]} 48. Bc6 {[%emt 0:00:20]} Bc5 {[%emt 0:00:01]} 49. Be4 {[%emt 0:00:03]} Bb4 {[%emt 0:00:01]} 1/2-1/2

[Event "EIRCC 2019"]
[Site "Tallinn"]
[Date "2019.12.06"]
[Round "13.9"]
[White "Andriasian, Zaven"]
[Black "Belyakov, Bogdan"]
[Result "1-0"]
[WhiteElo "2633"]
[BlackElo "2520"]
[Annotator "TA"]
[PlyCount "99"]
[EventDate "2019.12.05"]
[EventType "swiss"]
[EventCountry "EST"]
[SourceTitle "playchess.com"]
[Source "ChessBase"]
[SourceQuality "1"]

{[%evp 17,99,15,29,14,20,16,44,-72,66,64,66,89,83,88,142,52,65,50,62,18,60,58,85,85,97,93,80,55,78,10,19,0,14,0,0,0,0,0,0,0,0,0,0,0,0,0,0,-13,0,-2,25,-17,-16,-32,0,-68,-80,-89,-79,-171,-177,-271,-159,-163,-143,-146,42,41,111,115,115,8,11,25,223,195,218,217,340,325,787,760,676,617]} 1. e4 e5 2. Nf3 Nc6 3. Bc4 Bc5 4. d3 Nf6 5. O-O O-O 6. Nbd2 d6 7. c3 a6 8. Bb3 Ba7 9. h3 Ne7 10. Nh4 {C54: Giuoco Piano: 4 c3 Nf6, main lines with 5 d4 and 5 d3} (10. Re1 Ng6 11. Nf1 c6 12. Ng3 d5 13. Bg5 h6 14. Bxf6 Qxf6 15. exd5 Nh4 16. Re4 Nxf3+ 17. Qxf3 cxd5 18. Qxf6 gxf6 19. Bxd5 {1-0 (49) Alekseenko,K (2671)-Nguyen,N (2638) Khanty-Mansiysk 2019}) 10... Kh8 11. Re1 g5 $146 ({Predecessor:} 11... Ng6 12. Nf5 Nf4 13. Nf1 g6 14. Bxf4 exf4 15. Nd4 Nh5 16. Nh2 Qf6 17. Ndf3 Bd7 {½-½ (58) Ankerst,M (2140)-Belic,J (2330) Germany 1994}) 12. Nhf3 (12. Qf3 $14 {is the one way to stay ahead.} Ng6 13. Nf5) 12... h6 (12... g4 $17 13. hxg4 Nxg4) 13. Nf1 Ng6 14. d4 Be6 15. Ng3 Qc8 (15... Rg8 $142) 16. Bxe6 ({White should try} 16. Bc2 $16) 16... fxe6 $14 17. Be3 Qe8 18. Rc1 Nh4 19. Nh2 exd4 20. cxd4 c6 21. Ng4 Qg6 22. Nxf6 Rxf6 23. Rc3 (23. d5 $16 Bxe3 24. Rxe3 cxd5 25. exd5) 23... d5 $11 24. Qg4 Raf8 25. Rb3 R6f7 26. e5 Rf4 27. Bxf4 Rxf4 {[%mdl 64] Double Attack} 28. Qh5 Bxd4 29. Re2 b6 30. Qxg6 Nxg6 31. Nh5 Rf5 32. Nf6 Nxe5 33. Ne8 Nc4 34. Nc7 e5 $1 35. Nxa6 e4 36. Nb4 (36. Rb4 $1 $11) 36... Rf6 $15 {[%mdl 1024] Black has compensation.} 37. Nc2 Bc5 $1 38. a4 (38. Ne3 $17 {is a better defense.} Nd6 39. Ng4) 38... Kg7 $19 39. g4 (39. a5 {was worth a try.} Nxa5 40. Rg3) 39... Rf7 (39... d4 $1 $19 {Threatens to win with ...d3.} 40. Ne1 Rf4) 40. Kg2 $17 Ra7 41. f3 {[#]} e3 $2 ({And not} 41... Rxa4 42. fxe4 d4 43. e5 $11) (41... Na5 $1 $17 {[%cal Ra5b3]} 42. Rbe3 Bxe3 43. Nxe3 Kf6 44. fxe4 d4) 42. Rc3 $14 b5 ({Black should play} 42... Kf6 $14) 43. axb5 $16 cxb5 {[#]} 44. Rd3 (44. b3 $1 $16) 44... Rd7 $11 45. Nd4 {Hoping for Ne6+.} Bxd4 $2 (45... Kf6 $11) 46. Rxd4 $18 Kf6 {With the idea ...Ke5.} 47. b3 Ke5 (47... Ne5 $142 48. Rxe3 Ng6) 48. Rd1 d4 $2 (48... Na5 49. Rxe3+ Kd6) 49. bxc4 bxc4 {[#]} 50. Rxe3+ $1 {[%mdl 576] Pin. Accuracy: White = 49%, Black = 31%.} 1-0